Statistics for U.S states 2 min

Click here to take the quiz!

General Stats

  • This quiz has been taken 8 times
  • The average score is 37 of 49

Answer Stats

hintsAnswers% Correct
AAlabama
100%
AAlaska
100%
AArkansas
100%
FFlorida
100%
HHawaii
100%
IIdaho
100%
IIllinois
100%
IIndiana
100%
KKansas
100%
KKentucky
100%
CCalifornia
88%
GGeorgia
88%
IIowa
88%
MMassachusetts
88%
MMontana
88%
RRhode Island
88%
TTexas
88%
WWashington
88%
AArizona
75%
LLouisiana
75%
MMaryland
75%
MMississippi
75%
NNew Jersey
75%
NNew Mexico
75%
NNew York
75%
NNorth Carolina
75%
NNorth Dakota
75%
SSouth Carolina
75%
SSouth Dakota
75%
UUtah
75%
VVirginia
75%
CColorado
63%
CConneticut
63%
DDelaware
63%
MMaine
63%
NNew Hampshire
63%
OOhio
63%
OOklahoma
63%
OOregon
63%
TTennessee
63%
VVermont
63%
WWest Virginia
63%
MMissouri
50%
NNebraska
50%
NNevada
50%
PPennsylvania
50%
MMichigan
38%
MMinnesota
38%
WWisconsin
38%

Score Distribution

Percentile by Number Answered

Percent of People with Each Score

Your Score History

You have not taken this quiz